The art of ancient Greece / (Record no. 17927)

000 -LEADER
fixed length control field 02269cam a2200409 a 4500
001 - CONTROL NUMBER
control field 14901985
005 - DATE AND TIME OF LATEST TRANSACTION
control field 20161130092723.0
008 - FIXED-LENGTH DATA ELEMENTS--GENERAL INFORMATION
fixed length control field 070625s2008 mduab b 001 0 eng
010 ## - LIBRARY OF CONGRESS CONTROL NUMBER
LC control number 2007026509
020 ## - INTERNATIONAL STANDARD BOOK NUMBER
International Standard Book Number 9780856676437
020 ## - INTERNATIONAL STANDARD BOOK NUMBER
International Standard Book Number 0856676438
020 ## - INTERNATIONAL STANDARD BOOK NUMBER
International Standard Book Number 9780911886696 (pbk.)
020 ## - INTERNATIONAL STANDARD BOOK NUMBER
International Standard Book Number 0911886699 (pbk.)
035 ## - SYSTEM CONTROL NUMBER
System control number (OCoLC)152580755
Canceled/invalid control number (OCoLC)154703621
035 ## - SYSTEM CONTROL NUMBER
System control number (OCoLC)ocn152580755
040 ## - CATALOGING SOURCE
Original cataloging agency DLC
Transcribing agency DLC
Modifying agency BAKER
-- BTCTA
-- YDXCP
-- C#P
-- BWK
-- BWX
-- OCLCQ
-- CDX
-- DLC
043 ## - GEOGRAPHIC AREA CODE
Geographic area code e-gr---
-- n-us-md
050 00 - LIBRARY OF CONGRESS CALL NUMBER
Classification number N5634.W35W35 2008
Item number W35 2008
082 00 - DEWEY DECIMAL CLASSIFICATION NUMBER
Edition number 22
110 2# - MAIN ENTRY--CORPORATE NAME
Corporate name or jurisdiction name as entry element Walters Art Museum (Baltimore, Md.)
245 14 - TITLE STATEMENT
Title The art of ancient Greece /
Statement of responsibility, etc. The Walters Art Museum ; edited by Sabine Albersmeier ; with contributions by Amalia Avramidou ... [et al.] ; photography by Susan Tobin.
260 ## - PUBLICATION, DISTRIBUTION, ETC. (IMPRINT)
Place of publication, distribution, etc. Baltimore :
Name of publisher, distributor, etc. Walters Art Museum ;
Place of publication, distribution, etc. London :
Name of publisher, distributor, etc. Philip Wilson Publishers,
Date of publication, distribution, etc. 2008.
300 ## - PHYSICAL DESCRIPTION
Extent 206 p. :
Other physical details ill. (chiefly col.), col. maps ;
Dimensions 28 cm.
504 ## - BIBLIOGRAPHY, ETC. NOTE
Bibliography, etc Includes bibliographical references (p. 194-200) and index.
505 0# - FORMATTED CONTENTS NOTE
Formatted contents note Foreword / Gary Vikan -- Introduction / Sabine Albersmeier -- Early Greece / Michael Maa€ -- The archaic period / H. Alan Shapiro -- The classical period / Allison Surtees -- Roman copies / Allison Surtees -- The Hellenistic period / Sabine Albersmeier -- Jewelry / Sabine Albersmeier -- Appendix: An overview of Greek pottery / Angeliki Kokkinou -- Glossary.
610 20 - SUBJECT ADDED ENTRY--CORPORATE NAME
Corporate name or jurisdiction name as entry element Walters Art Museum (Baltimore, Md.)
650 #0 - SUBJECT ADDED ENTRY--TOPICAL TERM
Topical term or geographic name as entry element Art, Greek.
650 #0 - SUBJECT ADDED ENTRY--TOPICAL TERM
Topical term or geographic name as entry element Art, Ancient
Geographic subdivision Greece.
650 #0 - SUBJECT ADDED ENTRY--TOPICAL TERM
Topical term or geographic name as entry element Art
Geographic subdivision Maryland
-- Baltimore.
700 1# - ADDED ENTRY--PERSONAL NAME
Personal name Albersmeier, Sabine.
856 42 - ELECTRONIC LOCATION AND ACCESS
Materials specified Contributor biographical information
Uniform Resource Identifier <a href="http://www.loc.gov/catdir/enhancements/fy0838/2007026509-b.html">http://www.loc.gov/catdir/enhancements/fy0838/2007026509-b.html</a>
856 42 - ELECTRONIC LOCATION AND ACCESS
Materials specified Publisher description
Uniform Resource Identifier <a href="http://www.loc.gov/catdir/enhancements/fy0838/2007026509-d.html">http://www.loc.gov/catdir/enhancements/fy0838/2007026509-d.html</a>
856 41 - ELECTRONIC LOCATION AND ACCESS
Materials specified Table of contents only
Uniform Resource Identifier <a href="http://www.loc.gov/catdir/enhancements/fy0838/2007026509-t.html">http://www.loc.gov/catdir/enhancements/fy0838/2007026509-t.html</a>
906 ## - LOCAL DATA ELEMENT F, LDF (RLIN)
a 7
b cbc
c orignew
d 1
e ecip
f 20
g y-gencatlg
942 ## - ADDED ENTRY ELEMENTS (KOHA)
Source of classification or shelving scheme
Koha item type Hard Covered Materials
Classification part N5634.W35W35 2008
Holdings
Withdrawn status Lost status Source of classification or shelving scheme Damaged status Not for loan Home library Current library Shelving location Date acquired Source of acquisition Total Checkouts Full call number Barcode Date last seen Price effective from Koha item type
          MACHAKOS UNIVERSITY LIBRARY MACHAKOS UNIVERSITY LIBRARY Open shelf 30/11/2016 Donation(B.F.A)   N5634.W35W35 2008 28541 30/11/2016 30/11/2016 Hard Covered Materials
© Machakos University Library, Along The Highway, Machakos Wote Rd, Machakos, Kenya P.O. Box 136 - 90100 Machakos - Kenya

Tel: ( +254 ) 723 805829 OR Fax : 044-20353 OR Email: library@mksu.ac.ke